Hazardous waste management
Gespeichert in:
| 1. Verfasser: | |
|---|---|
| Format: | Buch |
| Sprache: | Englisch |
| Veröffentlicht: |
New York
McGraw-Hill, Inc.
1989
|
| Schlagworte: | |
| Tags: |
Keine Tags, Fügen Sie das erste Tag hinzu!
|
MARC
| LEADER | 00000nam a2200000 4500 | ||
|---|---|---|---|
| 001 | c124721 | ||
| 005 | 20221123135337.2 | ||
| 020 | |a 0-07-069291-2 | ||
| 041 | 0 | |a eng | |
| 044 | |a US | ||
| 245 | 1 | 0 | |a Hazardous waste management |c Charles A. Wentz |
| 264 | 1 | |a New York |b McGraw-Hill, Inc. |c 1989 | |
| 300 | |a 461 s. | ||
| 610 | 2 | 0 | |a odpad |
| 610 | 2 | 0 | |a znečistenie prostredia životného |
| 610 | 2 | 0 | |a legislatíva |
| 610 | 2 | 0 | |a spracovanie odpadu |
| 610 | 2 | 0 | |a zodpovednosť |
| 610 | 2 | 0 | |a zodpovednosť organizácie |
| 610 | 2 | 0 | |a zodpovednosť za škody |
| 610 | 2 | 0 | |a hospodárstvo odpadové |
| 100 | 1 | |a Wentz, Charles A. | |